000 00608nam a2200193Ii 4500
003 JO-AjNU
008 230605s9999||||xx |||||||||||||| ||und||
040 _aJO-AjNU
_bara
_erda
_cJO-AjNU
041 _aara
050 1 4 _aPJ7838.S2.A17 1900
100 3 _aتأليف العيسى، سليمان,
_eauthor
_937452
245 0 0 _aأغنيات صغيرة
264 3 1 _aحلب:مكتبة الشرق،1900
300 _a235ص
336 _atext
_btxt
_2rdacontent
337 _aunmediated
_bn
_2rdamedia
338 _avolume
_bnc
_2rdacarrier
650 4 _aالشعر العربي - أغنيات صغيرة
_937453
999 _aA15649
_c19217
_d19217